000 01039nam a22002177a 4500
005 20241219170128.0
010 _aHIN-129025-28
020 _a9789395542760
_c490.00
035 _aHN-101371-74
037 _bDBAD
082 _a920
100 _aदत्ता, अरूप कुमार
_975471
245 _aअसम के शूरवीर:
_bलाचित बरफुकन/
_cअरूप कुमार दत्ता; प्रदीप कुमार द्वारा अनुवादित; पंकज चतुर्वेदी द्वारा संपादित
250 _aद्वितीय
260 _aगुवाहाटी
_bअसम प्रकाशन परिषद्
_c2024
270 _bगुवाहाटी
_e781021
300 _a221पृ.
_c23 सेमी (सजिल्द )
700 _aप्रदीप कुमार
_975472
700 _aचतुर्वेदी, पंकज
_975473
942 _2ddc
_cHN
_h920
_kदत्ताअ
999 _c207823
_d207823